LIBRARY & INFORMATION CENTRE, KCAET, TAVANUR

ONLINE PUBLIC ACCESS CATALOGUE (OPAC)

Effects of tillage on soil hydraulic properties in sandy loam soil (Record no. 15144)

MARC details
000 -LEADER
fixed length control field 00738nam a22002057a 4500
003 - CONTROL NUMBER IDENTIFIER
control field OSt
088 ## - REPORT NUMBER
Report number P 232
100 ## - MAIN ENTRY--AUTHOR NAME
Personal name LAKSHMI K. G
245 ## - TITLE STATEMENT
Title Effects of tillage on soil hydraulic properties in sandy loam soil
260 ## - PUBLICATION, DISTRIBUTION, ETC. (IMPRINT)
Place of publication Tavanur 2011
Name of publisher Department of Land and Water Resources and Conservation Engineering
300 ## - PHYSICAL DESCRIPTION
Number of Pages 68
500 ## - GENERAL NOTE
General note Effects of tillage on soil hydraulic properties in sandy loam soil
520 ## - SUMMARY, ETC.
Summary, etc Effects of tillage on soil hydraulic properties in sandy loam soil
700 ## - ADDED ENTRY--PERSONAL NAME
Personal name Prasanth V
700 ## - ADDED ENTRY--PERSONAL NAME
Personal name Sharika T
700 ## - ADDED ENTRY--PERSONAL NAME
Personal name Er. Priya G. Nair (Guide)
856 ## - ELECTRONIC LOCATION AND ACCESS
Uniform Resource Identifier https://drive.google.com/open?id=1ZnFuvHdrdlQBTCHg-w8CnH-8iu3JKfA1
942 ## - ADDED ENTRY ELEMENTS (KOHA)
Koha item type Project Report
Holdings
Collection code Home library Current library Shelving location Full call number Accession Number Koha item type
Reference KAUAET KAUAET Reference 631.7 LAK/EF P 232 Project Report
free website counter